00571nam a22001817a 450000500170000001000150001702000270003203500140005903700130007308200140008624500960010026000340019627000500023030000320028050000220031270000290033470000260036320181025131909.0 aENG-124367 c1395.00a9789386552501 aEN-107899 bDBAD/PUB a792.80954 aThe moving space:ced. by Urmimala Sarkar Munsi [and] Aishika Chakrabortybwomen in dance / aNew DelhibPrimus Booksc2018 aArakashan Road, Paharganj,bNew Delhie110055 axii,276p.c22cm. (Hb)bill. aIt includes index aSarkar Munsi, Urmimala  a Chakraborty, Aishika